000 00385nam a2200133 a 4500
005 20140412111419.0
008 070906s19uu xx 00 eng d
020 _a971-508-208-4
050 _aBB
_bBa17 2003
100 _aCanon, Kristine
245 _aBakit matagal ang sundo ko? :
_bWhy is mommy late? /
_cKristine Canon.
260 _aPhilippines :
_bAdarna,
_c2003.
999 _c105969
_d105969